00342nam a22001097a 4500008004100000020001800041082001200059100002000071245005400091260005200145300003500197230823b |||||||| |||| 00| 0 eng d a9780520254732 a599.77  aMcallister, Ian aThe last Wild wolves:bghosts of the rain forest. aBerkely:bUniversity of California pressc2007. a191 p:bcolour illus;c28.5 cm